Statistiques concernant C'est bientôt la fin-Mozart l'opéra rock

Cliquez ici pour prendre le quiz!

Statistiques générales

  • Ce quiz a été pris 54 fois
  • Le résultat moyen est 207 sur 257

Statistiques - réponses

Réponse% Correct
Allez
100%
bien
100%
Bien
100%
bientôt
100%
Ce
100%
ce
100%
c'est
100%
de
100%
fin
100%
la
100%
La
100%
monde
100%
qui
100%
viens
100%
Viens
100%
n'entend
98%
rien
98%
le
95%
soir
93%
sonne
93%
grand
90%
plus
90%
haut
88%
là-haut
88%
sonner
88%
bal
86%
encore
86%
Encore (X8)
86%
jour
86%
les
86%
On
86%
danser
83%
des
83%
du
83%
et
83%
tes
83%
idées
81%
notre
81%
pâles
81%
sur
81%
va
81%
faire
79%
tocsin
79%
tour
79%
un
79%
pour
76%
étoiles
74%
mets
74%
nos
74%
nouveau
74%
départ
71%
discours
71%
se
71%
cour
69%
tambours
69%
vieux
69%
beau
67%
faux
67%
fais
64%
fanfare
64%
fard
64%
rêves
64%
tanguer
64%
j'ai
62%
J'ai
62%
parent
62%
soldats
62%
je
60%
Je
60%
tomber
60%
velours
60%
leurs
57%
valser
57%
vers
57%
Terre
55%
vu
55%
allons
52%
l'éphémère
52%
tous
52%
accourt
50%
l'amour
50%
voir
50%
au
48%
fou
48%
regards
45%
vois
45%
mer
43%
mystères
38%
tours
38%
veux
38%
fleurir
36%
m'affranchir
36%
rire
36%
saigner
36%
amer
33%
souffle
33%
bu
31%
crois
31%
saisir
29%
aimons-nous
26%
Aimons-nous
26%
décombres
26%
noir
26%
l'or
19%

Distribution des résultats

Percentile par nombre de réponses

% des personnes avec chaque résultat

Votre développement - résultats

Vous n’avez pas pris ce quiz